00513nam a22001697a 450000500170000001000150001702000260003203500140005803700090007208200100008110000180009124500580010926000380016727001060020530000210031149000110033220250530103410.0 aENG-145036 c270.00a9789381008546 aEN-128568 bDBAD a230.5 aSai, Vasantha aPrema Sai Avatar Part III:bSai Digest/cVasantha Sai aTamil NadubMukthi Nilayam c2008 aRoyapalayam Village B.O. Tirumangalam S.O. Madurai-Virudhunagar Road, Madurai Dt.bTamil Nadue625706 a251p.:c24cm(pb) vPart 3